000 00331nam a2200133Ia 4500
008 260604s9999 xx 000 0 und d
020 _a9781035331468
082 _a004 CAP
100 _aCAPUS
_935151
245 0 _aMULTILINGUAL COMMUNICATIONS SURVEILLANCE IN CRIMIN
260 _bEDWARD
500 _aIT, Criminal Law
942 _cBK
999 _c7911
_d7911